| 000 | 00494nam a22001457a 4500 | ||
|---|---|---|---|
| 008 | 131202b xxu||||| |||| 00| 0 eng d | ||
| 050 | _aDT2996.I31 2013 | ||
| 100 |
_aKaulemu, David _94618 |
||
| 245 |
_aImagining Citizenship in Zimbabwe _cDavid Kaulemu |
||
| 260 |
_aHarare, Zimbabwe _bKonrad Adenauer Stiftung _c2013 |
||
| 300 |
_ax, 183p.; _c22cm. |
||
| 650 |
_aCitizenship _xPolitics _x Social conditions _y1980 _zZimbabwe _94619 |
||
| 700 |
_aKaulem, David _919741 |
||
| 942 |
_2lcc _cMONOGRAPH |
||
| 999 |
_c118915 _d118915 |
||